|
|
|
|
| LEADER |
00000nam2a2200000 4500 |
| 001 |
67396 |
| 005 |
20231031073529.0 |
| 010 |
|
|
|a 5282022311
|
| 035 |
|
|
|a (RuTPU)RU\TPU\book\71761
|
| 090 |
|
|
|a 67396
|
| 100 |
|
|
|a 20040915d2003 k y0rusy50 ca
|
| 101 |
0 |
|
|a rus
|
| 102 |
|
|
|a RU
|
| 105 |
|
|
|a y z 000zy
|
| 200 |
0 |
|
|a Кн. 1: Трансформация постсоциалистического общества
|
| 210 |
|
|
|d 2003
|
| 215 |
|
|
|a 757 с.
|
| 461 |
|
1 |
|0 (RuTPU)RU\TPU\book\76549
|y 5-282-02230-3
|t Социально-экономические модели в современном мире и путь России
|o В 2 кн.
|v Кн. 1: Трансформация постсоциалистического общества
|f Международная ассоциация Академии наук; Российская Академия наук; Под ред. К. И. Микульского
|d 2003-
|
| 610 |
1 |
|
|a экономика
|
| 610 |
1 |
|
|a экономическая теория
|
| 610 |
1 |
|
|a экономические системы
|
| 610 |
1 |
|
|a социально-экономические модели
|
| 610 |
1 |
|
|a постсоциалистическое общество
|
| 610 |
1 |
|
|a трансформации
|
| 610 |
1 |
|
|a рыночная экономика
|
| 610 |
1 |
|
|a экономические реформы
|
| 610 |
1 |
|
|a предприятия
|
| 610 |
1 |
|
|a глобализация
|
| 610 |
1 |
|
|a Россия
|
| 610 |
1 |
|
|a Украина
|
| 610 |
1 |
|
|a Беларусь
|
| 610 |
1 |
|
|a Узбекистан
|
| 610 |
1 |
|
|a Восточная Европа
|
| 610 |
1 |
|
|a Китай
|
| 610 |
1 |
|
|a Вьетнам
|
| 686 |
|
|
|a У013
|v LBC/SL-A
|2 rubbk
|
| 686 |
|
|
|a У013.78
|v LBC/SL-A
|2 rubbk
|
| 801 |
|
1 |
|a RU
|b 63413507
|c 20040915
|g PSBO
|
| 801 |
|
2 |
|a RU
|b 63413507
|c 20041227
|g PSBO
|
| 942 |
|
|
|c BK
|
| 959 |
|
|
|a 118/20040908
|d 2
|e 360,69
|f АНЛ:1
|f НФ:1
|